Normal view
MARC view
- Frequency synthesizers
Entry Topical Term
001 - CONTROL NUMBER
- control field: 131095
003 - CONTROL NUMBER IDENTIFIER
- control field: NUST
005 - DATE AND TIME OF LATEST TRANSACTION
- control field: 20251009183843.0
008 - FIXED-LENGTH DATA ELEMENTS
- fixed length control field: 251009|| aca||aabn | a|a d
040 ## - CATALOGING SOURCE
- Original cataloging agency: NUST
- Transcribing agency: NUST
150 ## - HEADING--TOPICAL TERM
- Topical term or geographic name entry element: Frequency synthesizers
- General subdivision: Software
670 ## - SOURCE DATA FOUND
- Source citation: Work cat.: (NUST)175677: Crawford, James A. 73865, Frequency synthesizer design toolkit :, c1995.
